000 00593nam a2200229Ia 4500
003 OSt
005 20220928111730.0
006 a|||||r|||| 00| 0
007 ta
008 220927b |||||||| |||| 00| 0 eng d
024 _a8657
037 _cTextual
040 _aSDCL
_cSDCL
_beng
041 _2eng
_aeng
082 _aO152,3NPIx, P7
100 _aPrasad Ila
_9424802
245 0 _aIs kahani ka ant nahin.
260 _aNew Delhi
_bJanvaani Prakashan
_c2007
300 _a96p
_ccm.
942 _hO152,3NPIx, P7
_cTEXL
_2CC
999 _c741705
_d741705